000 00402nam a2200157Ia 4500
005 20250429052758.0
008 240331s9999 xx 000 0 und d
020 _a8170901812
082 _bMUT
_a291
100 _aMuttusamy Pillai,K.M
245 0 _aKoeit kalangiam arimugam
260 _aThanchavoor
_bThamil Palkalaikalazham
_c1991
300 _a256 p .,
500 _aKovitr Kalanchiyam
942 _cL
999 _c3565
_d3565